|
|
|
|
| LEADER |
03465nam a22004695i 4500 |
| 001 |
978-3-319-02526-1 |
| 003 |
DE-He213 |
| 005 |
20151030211045.0 |
| 007 |
cr nn 008mamaa |
| 008 |
131216s2014 gw | s |||| 0|eng d |
| 020 |
|
|
|a 9783319025261
|9 978-3-319-02526-1
|
| 024 |
7 |
|
|a 10.1007/978-3-319-02526-1
|2 doi
|
| 040 |
|
|
|d GrThAP
|
| 050 |
|
4 |
|a P129-138.7222
|
| 072 |
|
7 |
|a CB
|2 bicssc
|
| 072 |
|
7 |
|a LAN009000
|2 bisacsh
|
| 082 |
0 |
4 |
|a 410
|2 23
|
| 245 |
1 |
0 |
|a Occupying Niches: Interculturality, Cross-culturality and Aculturality in Academic Research
|h [electronic resource] /
|c edited by Andrzej Łyda, Krystyna Warchał.
|
| 264 |
|
1 |
|a Cham :
|b Springer International Publishing :
|b Imprint: Springer,
|c 2014.
|
| 300 |
|
|
|a VI, 234 p. 12 illus., 7 illus. in color.
|b online resource.
|
| 336 |
|
|
|a text
|b txt
|2 rdacontent
|
| 337 |
|
|
|a computer
|b c
|2 rdamedia
|
| 338 |
|
|
|a online resource
|b cr
|2 rdacarrier
|
| 347 |
|
|
|a text file
|b PDF
|2 rda
|
| 490 |
1 |
|
|a Second Language Learning and Teaching,
|x 2193-7648
|
| 505 |
0 |
|
|a Introduction -- Citation practices of expert French writers of English: Issues of attribution and stance -- A comparison of author reference in the Spanish context of biomedical RAs publication -- Positive self-evaluation and negative other-evaluation in NSs’ and NNSs’ scientific discourse -- A context-based approach to the identification of hedging devices and features of writer-reader relationship in academic publications -- Prospects of Indonesian Research Articles (RAs) Being Considered for Publication in ‘Center’ Journals: A Comparative Study of Rhetorical Patterns of RAs in Selected Humanities and Hard Science Disciplines -- Approaches to acculturating novice writers into academic literacy -- Are they discussing in the same way?: interactional metadiscourse in Turkish writers’ texts.
|
| 520 |
|
|
|a This book presents a collection of thematically focused articles addressing culture-specific features of academic communication, with a particular focus on communication conducted in English as an Additional Language and directed at multicultural audiences. It comprises papers arranged in four sections: Expert writers, Novice writers and readers, Conference participants, and Non-research academic genres. The book explicitly addresses and is centred upon the concept of a research niche understood as a space to be captured and populated, as a temporary location to move or grow out of in the course of individual professional development from novice to expert, and as a space to consciously reach beyond, delimited by one’s linguistic, cultural, educational, and geopolitical background. Here the niche is approached as a frame of reference for discussion of what is culture-bound, culture-sensitive, and culture-free in the academic community and its practices.
|
| 650 |
|
0 |
|a Linguistics.
|
| 650 |
|
0 |
|a Applied linguistics.
|
| 650 |
|
0 |
|a Language and education.
|
| 650 |
1 |
4 |
|a Linguistics.
|
| 650 |
2 |
4 |
|a Applied Linguistics.
|
| 650 |
2 |
4 |
|a Language Education.
|
| 700 |
1 |
|
|a Łyda, Andrzej.
|e editor.
|
| 700 |
1 |
|
|a Warchał, Krystyna.
|e editor.
|
| 710 |
2 |
|
|a SpringerLink (Online service)
|
| 773 |
0 |
|
|t Springer eBooks
|
| 776 |
0 |
8 |
|i Printed edition:
|z 9783319025254
|
| 830 |
|
0 |
|a Second Language Learning and Teaching,
|x 2193-7648
|
| 856 |
4 |
0 |
|u http://dx.doi.org/10.1007/978-3-319-02526-1
|z Full Text via HEAL-Link
|
| 912 |
|
|
|a ZDB-2-SHU
|
| 950 |
|
|
|a Humanities, Social Sciences and Law (Springer-11648)
|